| 000 | 00913nam a22002895i 4500 | ||
|---|---|---|---|
| 001 | 11431 | ||
| 003 | ES-MaACL | ||
| 005 | 20230906150111.0 | ||
| 007 | t| | ||
| 008 | 921117s1992 sp ||||0| spa j | ||
| 020 | _a84-7100-476-3 | ||
| 040 |
_aM-BN _bspa _cM-BN |
||
| 080 | _a959.917 M | ||
| 100 | 1 |
_aForonda, Marcelino A. _951801 |
|
| 245 | 1 | 0 |
_aManila / _cMarcelino A. Foronda, Cornelio R. Bascara ; [traducción, Eliézer Gutman]. |
| 260 |
_aMadrid : _bMAPFRE, _c[1992] |
||
| 300 |
_a309 p : _bil ; _c23 cm. |
||
| 490 | 1 |
_aColección Ciudades de Iberoamérica ; _v11 |
|
| 500 | _aIndices. | ||
| 504 | _aBibliografía: p. [295]-309. | ||
| 651 | 4 |
_aManila- _xHistoria. _99020 |
|
| 700 | 1 |
_aBascara, Cornelio R. _926257 |
|
| 700 | 1 |
_aGutman, Eliézer. _961242 |
|
| 830 | 0 |
_aColección Ciudades de Iberoamérica ; _v11 _9179074 |
|
| 852 |
_aES-MaACL _jL-18756 _bR.124039 |
||
| 999 |
_c11431 _d11431 |
||